Music Quiz

Random Music Quiz
Score 0/249 Timer 10:00
0 Plays Today
Answer % Correct
She
100%
Emma
100%
a
100%
star
100%
And
100%
she
100%
be
100%
a
100%
She
100%
be
100%
Emma.
100%
Emma.
100%
you
100%
the
100%
star
100%
ever
100%
And
100%
I
100%
and
100%
to
100%
And
100%
Emma
100%
go
100%
ever
100%
And
100%
she
100%
and
100%
be
100%
the
100%
and
100%
be
100%
And
100%
she
100%
To
100%
the
100%
to
100%
Emma,
100%
Emma.
100%
you
100%
the
100%
star
100%
ever
100%
a
100%
and
100%
I
100%
the
100%
To
100%
and
100%
the
100%
A
100%
the
100%
I
100%
you
100%
I
100%
to
100%
you
100%
I
100%
Ah
100%
Emma.
100%
Oh
100%
Emma.
100%
Ah
100%
Emma.
100%
Emma
100%
was
93.8%
was
93.8%
when
93.8%
an
93.8%
I'm
93.8%
gonna
93.8%
on
93.8%
that
93.8%
I'm
93.8%
gonna
93.8%
make
93.8%
biggest
93.8%
this
93.8%
world
93.8%
has
93.8%
seen.
93.8%
night
93.8%
that
93.8%
That
93.8%
Answer % Correct
when
93.8%
was
93.8%
that
93.8%
make
93.8%
was...
93.8%
I'm
93.8%
gonna
93.8%
on
93.8%
that
93.8%
I'm
93.8%
gonna
93.8%
make
93.8%
biggest
93.8%
this
93.8%
world
93.8%
has
93.8%
seen!
93.8%
was
93.8%
night,
93.8%
When
93.8%
on
93.8%
on
93.8%
on
93.8%
this
93.8%
no
93.8%
on
93.8%
no
93.8%
No!
93.8%
No!
93.8%
We
87.5%
together
87.5%
we
87.5%
in
87.5%
Her
87.5%
face
87.5%
like
87.5%
Emmaline,
87.5%
Emmaline.
87.5%
your
87.5%
screen.
87.5%
Emmaline.
87.5%
Emmaline.
87.5%
We
87.5%
her
87.5%
her
87.5%
in
87.5%
Emmaline
87.5%
Emmaline.
87.5%
your
87.5%
screen!
87.5%
Emmaline.
87.5%
Emmaline.
87.5%
cold
87.5%
her
87.5%
cold
87.5%
Emmaline.
87.5%
Emmaline.
87.5%
were
81.3%
since
81.3%
were
81.3%
five.
81.3%
said
81.3%
she'd
81.3%
movie
81.3%
laughed.
81.3%
angel,
81.3%
could
81.3%
name
81.3%
silver
81.3%
were
81.3%
day
81.3%
every
81.3%
day,
81.3%
come
81.3%
she'd
81.3%
five.
81.3%
It
81.3%
name
81.3%
silver
81.3%
It
81.3%
bed:
81.3%
It
81.3%
so
75%
Answer % Correct
Nobody
75%
anything.
75%
high
75%
would
75%
out
75%
so
75%
crying
75%
backroom
75%
so
75%
come
75%
high
75%
love
75%
lying
75%
love
75%
can't
75%
so
75%
can't
75%
everyone's
68.8%
eyes,
68.8%
queen,
68.8%
write
68.8%
our
68.8%
daily
68.8%
bread.
68.8%
for
68.8%
distressed.
68.8%
back,
68.8%
alive.
68.8%
write
68.8%
more.
68.8%
more'
68.8%
came
62.5%
home
62.5%
depressed.
62.5%
I'd
62.5%
hear
62.5%
I'd
62.5%
dark
62.5%
bedroom
62.5%
bedroom
62.5%
'Darling
62.5%
But
62.5%
just
62.5%
But
62.5%
just
62.5%
pretty.
56.3%
At
56.3%
seventeen,
56.3%
earn
56.3%
searching
56.3%
never,
56.3%
way.
56.3%
way
56.3%
floor.
56.3%
read:
56.3%
keep
56.3%
living
56.3%
dreams
56.3%
very
56.3%
hard
56.3%
keep
56.3%
wed.
50%
worked
50%
sometimes
50%
words
50%
December
50%
up
50%
find
50%
Still
50%
letter
50%
tried
50%
not
50%
remember
43.8%
used
43.8%
opened
43.8%
door,
43.8%
I've
37.5%
leave
37.5%
alone
37.5%
upon
31.3%
play,
18.8%
trying
18.8%
lyring,
0%
Remove Ads.
Support Sporcle.
Get the best of Sporcle when you Go Orange. This ad-free experience offers more features, more stats, and more fun while also helping to support Sporcle. Thank you for becoming a member.

You're not logged in!

Compare scores with friends on all Sporcle quizzes.
OR
Log In

Show Comments

Extras

Created Dec 12, 2018ReportNominate
Tags:chocolate, Cover, emma, hot, Mercy, Sister

Top Quizzes Today


Score Distribution

Your Account Isn't Verified!

In order to create a playlist on Sporcle, you need to verify the email address you used during registration. Go to your Sporcle Settings to finish the process.

Report this User

Report this user for behavior that violates our Community Guidelines.

Details: